Brand Positioning (Record no. 271)

MARC details
000 -LEADER
fixed length control field 00407nam a2200157Ia 4500
008 - FIXED-LENGTH DATA ELEMENTS--GENERAL INFORMATION
fixed length control field 230312s9999||||xx |||||||||||||| ||und||
020 ## - INTERNATIONAL STANDARD BOOK NUMBER
International Standard Book Number 0-07-462401-6
082 ## - DEWEY DECIMAL CLASSIFICATION NUMBER
Classification number 658.827
Item number SEN
100 ## - MAIN ENTRY--PERSONAL NAME
Personal name SUBROTO SENGUPTA
245 #0 - TITLE STATEMENT
Title Brand Positioning
260 ## - PUBLICATION, DISTRIBUTION, ETC.
Name of publisher, distributor, etc. McGraw Hill
Place of publication, distribution, etc. New Delhi
Date of publication, distribution, etc. 2001
300 ## - PHYSICAL DESCRIPTION
Extent 299
546 ## - LANGUAGE NOTE
Language note Eng.
650 ## - SUBJECT ADDED ENTRY--TOPICAL TERM
Topical term or geographic name entry element Management
Form subdivision Acknowledgements , List of Colour Plates.
942 ## - ADDED ENTRY ELEMENTS (KOHA)
Koha item type BOOK
Holdings
Withdrawn status Lost status Damaged status Not for loan Home library Current library Date acquired Total Checkouts Full call number Barcode Date last seen Price effective from Koha item type
        Superior Information Resource Center (SIRC) Superior University- Main Campus Superior Information Resource Center (SIRC) Superior University- Main Campus 03/13/2023   658.827 SEN 272 03/13/2023 03/13/2023 BOOK

Powered by Koha